000 01672nam a2200349 i 4500
001 182694
003 ES-MaACL
005 20251014063257.0
008 131010s1892 sp |||| | spa d
080 _a271.3-9(87)"16"
080 _a801.82:811.871.19
080 _a908(872.24 Píritu)(02)"16"
080 _a930.85(=871.19:87)
100 1 _aRuiz Blanco, Matías,
_d1643-1705?
_9153622
245 1 0 _aConversión en Piritú (Colombia) de indios cumanagotos y palenques con la práctica que se observa en la enseñanza de los naturales en lengua cumanagota /
_cpor el P. Fr. Matías Ruiz Blanco
_b. seguido de Los franciscanos en las Indias / por Fray Francisco Álvarez de Villanueva.
260 _aMadrid :
_bLibrería de Victoriano Suárez,
_c1892.
300 _aXIII, 228, 76 p. ;
_c18 cm.
490 1 _aColección de libros raros o curiosos que tratan de América ;
_v7
530 _aDisponible en formato digital.
610 2 _aFranciscanos-
_xMisiones-
_zVenezuela.
_9153623
650 4 _aCumanagotos (Indios)
_9153624
650 4 _aPalenques (Indios)
_9153625
650 4 _aLengua cumanagota.
_9162858
650 4 _aIndios de Venezuela.
_9136265
651 4 _aPíritu-
_xDescripción-
_vObras anteriores a 1800.
_9153626
700 1 _aÁlvarez de Villanueva, Francisco.
_9153627
740 4 2 _aLos franciscanos en las Indias.
830 0 0 _aColección de libros raros o curiosos que tratan de América
_v7
_9188448
852 _aES-MaACL
_jR-2960-79
_x- Olim.: D-3069-88
856 4 1 _uhttp://bibliotecadigitalhispanica.bne.es:80/webclient/DeliveryManager?pid=2806923&custom_att_2=simple_viewer
_zIr a la página
999 _c182694
_d182694